Hot jocks. 3, Gól mého života /
Volné pokračování erotické série ze sportovního prostředí, kde se to jen hemží sexy a sebevědomými muži s hokejkami. Občas jim ale nějaká silná žena musí zkrotit přebujelé ego.
Uloženo v:
| Série: | Hot jocks,
část 3 |
|---|---|
| Hlavní autor: | |
| Další autoři: | |
| Médium: | E-kniha |
| Jazyk: | Czech |
| Vydáno: |
Praha :
Baronet,
2024
|
| Vydání: | 1. vydání |
| Témata: | |
| Příbuzné jednotky: | Přeloženo z:
Hot jocks Z cyklu:: Hot jocks |
| Tagy: |
Žádné tagy |
| LEADER | 02775nam a2200517 i 4500 | ||
|---|---|---|---|
| 001 | 312363 | ||
| 003 | CZ PrSKC | ||
| 005 | 20260601215721.0 | ||
| 007 | ta | ||
| 008 | 240425s2024 xr e 000 f cze | ||
| 015 | |a cnb003602886 | ||
| 020 | |a 9788026923336 |q (vázáno) | ||
| 035 | |a (OCoLC)1438774610 | ||
| 040 | |a ABG001 |b cze |d ABA001 |e rda | ||
| 041 | 1 | |a cze |h eng | |
| 072 | 7 | |a 821.111(73)-3 |x Americká próza |2 Konspekt | |
| 080 | |a 821.111(73)-31 |2 MRF | ||
| 080 | |a (0:82-993) |2 MRF | ||
| 080 | |a (0:82-31)-055.2 |2 MRF | ||
| 100 | 1 | |a Ryan, Kendall, |d 1981- |7 mzk2015894946 |4 aut | |
| 240 | 1 | 0 | |a Trying to score. |l Česky |
| 245 | 1 | 0 | |a Hot jocks. |n 3, |p Gól mého života / |c Kendall Ryan ; z anglického originálu Hot jocks 3 - Trying to score ... přeložila Zuzana Ľalíková |
| 246 | 3 | 0 | |a Gól mého života |
| 250 | |a 1. vydání | ||
| 264 | 1 | |a Praha : |b Baronet, |c 2024 | |
| 300 | |a 187 stran ; |c 21 cm | ||
| 336 | |a text |b txt |2 rdacontent | ||
| 337 | |a bez média |b n |2 rdamedia | ||
| 338 | |a svazek |b nc |2 rdacarrier | ||
| 520 | 2 | |a Volné pokračování erotické série ze sportovního prostředí, kde se to jen hemží sexy a sebevědomými muži s hokejkami. Občas jim ale nějaká silná žena musí zkrotit přebujelé ego. |b Teddy King vyniká v mnoha věcech. Hraje hokej - ano. Skóruje na ledě i mimo něj - rozhodně ano. Je až absurdně přitažlivý - to si tedy pište. Znám se s ním už roky. Než se z něj stal muž, z kterého si každá žena chce urvat kousek, byl mým spolužákem z vysoké, velmi zapáleným nejen do studia. Tajemství si však vždycky najdou cestu na světlo a o naší dávné společné noci (kterou jsme si rozhodně neměli natáčet na video) se brzy dozví široká veřejnost. Pokud tomu společně nezabráníme. Nakladatelská anotace. | |
| 546 | |a Český text | ||
| 655 | 7 | |a americké romány |7 fd131796 |2 czenas | |
| 655 | 7 | |a erotické romány |7 fd132211 |2 czenas | |
| 655 | 7 | |a romány pro ženy |7 fd187897 |2 czenas | |
| 655 | 9 | |a American fiction |2 eczenas | |
| 655 | 9 | |a erotic novels |2 eczenas | |
| 655 | 9 | |a women's novels |2 eczenas | |
| 700 | 1 | |a Ľalíková, Zuzana, |d 1987- |7 xx0144546 |4 trl | |
| 765 | 0 | |t Hot jocks | |
| 787 | 0 | 8 | |i Z cyklu: |t Hot jocks |g 3 |
| 900 | |a ABA001 |b 21 | ||
| 928 | 9 | |a Albatros Media - Baronet | |
| 044 | |a xr | ||
| 910 | |a RBIT002 | ||
| 998 | |d 403881 |a https://core.palmknihy.cz/api/books/403881/cover?sgy910 |b https://core.palmknihy.cz/api/books/403881/cover/400?sgy910 |c https://core.palmknihy.cz/api/books/403881/cover/50?sgy910 |e 2029-11-11 |g 192 |i 9788026923336 |j https://core.palmknihy.cz/api/books/403881/preview.epub |k https://core.palmknihy.cz/api/books/403881/preview.pdf |l |q 49 |r 1 |s https://www.palmknihy.cz/kniha/403881 |t ebook |y 2024 |z 0 |v Hot Jocks |w 3 | ||
| 999 | |d 312361 | ||